000 00587nam a2200241Ia 4500
005 20250425162736.0
008 250425s9999 xx 000 0 und d
020 _a0025516000
041 _aeng
082 _a338.76
100 _aJACOBSON, GARY
245 0 _aXEROX AMERICAN SAMURAI
250 _a1ST ED.
260 _aEstados Unidos
_bMACMILLAN PUBLISHING COMPANY
_c1986
260 _aNEW YORK
300 _a338
500 _a9
650 _aCORPORACION FINANCIERA
650 _aMAQUINARIAS
710 _aMACMILLAN PUBLISHING COMPANY
942 _c01
010 _a104464
999 _c235496
_d235496